Radio Utopia: Postwar Audio Documentary In The Public Interest (Record no. 295804)
[ view plain ]
| 000 -LEADER | |
|---|---|
| fixed length control field | 00400nam a2200121Ia 4500 |
| 008 - FIXED-LENGTH DATA ELEMENTS--GENERAL INFORMATION | |
| fixed length control field | 160609s9999 xx 000 0 und d |
| 100 ## - MAIN ENTRY--PERSONAL NAME | |
| Personal name | Ehrlich, Matthew C. |
| 245 ## - TITLE STATEMENT | |
| Title | Radio Utopia: Postwar Audio Documentary In The Public Interest |
| 245 ## - TITLE STATEMENT | |
| Statement of responsibility, etc | By:Matthew C. Ehrlich |
| 260 ## - PUBLICATION, DISTRIBUTION, ETC. (IMPRINT) | |
| Date of publication, distribution, etc | 2011 |
| 650 ## - SUBJECT ADDED ENTRY--TOPICAL TERM | |
| General subdivision | RADIO AND TV ANNOUNCING |
| 856 ## - ELECTRONIC LOCATION AND ACCESS | |
| Uniform Resource Identifier | <a href="http://file.ebook777.com/017/RadUtoPosAudDocInThePubInt.pdf">http://file.ebook777.com/017/RadUtoPosAudDocInThePubInt.pdf</a> |
| Withdrawn status | Lost status | Damaged status | Home library | Current library | Date acquired | Total Checkouts | Date last seen | Price effective from | Koha item type |
|---|---|---|---|---|---|---|---|---|---|
| College Library | College Library | 06/09/2016 | 06/09/2016 | 06/09/2016 | Curriculum - Based eBooks |